Welcome to CU Library Online Public Access Catalogue (OPAC)

Dialogues : (Record no. 9548)

MARC details
000 -LEADER
fixed length control field 00858cam a2200277 a 4500
001 - CONTROL NUMBER
control field 4522746
005 - DATE AND TIME OF LATEST TRANSACTION
control field 20260422173624.0
008 - FIXED-LENGTH DATA ELEMENTS--GENERAL INFORMATION
fixed length control field 990614s2000 nyu 001 0 eng
020 ## - INTERNATIONAL STANDARD BOOK NUMBER
International Standard Book Number 0321023994
020 ## - INTERNATIONAL STANDARD BOOK NUMBER
International Standard Book Number 9780321023995
050 00 - LIBRARY OF CONGRESS CALL NUMBER
Classification number PE1431
Item number .C76 2000
082 00 - DEWEY DECIMAL CLASSIFICATION NUMBER
Classification number 808/.0427
Edition information 21
245 00 - TITLE STATEMENT
Title Dialogues :
Remainder of title an argument rhetoric and reader /
Statement of responsibility, etc. [edited by] Gary Goshgarian, Kathleen Krueger, Janet Barnett Minc.
250 ## - EDITION STATEMENT
Edition statement 3rd ed.
260 ## - PUBLICATION, DISTRIBUTION, ETC.
Place of publication, distribution, etc. New York :
Name of publisher, distributor, etc. Longman,
Date of publication, distribution, etc. c2000.
300 ## - PHYSICAL DESCRIPTION
Extent xxx, 785 p. ;
Dimensions 24 cm.
500 ## - GENERAL NOTE
General note Rev. ed. of: Crossfire. 2nd ed. c1997.
500 ## - GENERAL NOTE
General note Includes index.
650 #0 - SUBJECT ADDED ENTRY--TOPICAL TERM
Topical term or geographic name entry element English language
General subdivision Rhetoric.
650 #0 - SUBJECT ADDED ENTRY--TOPICAL TERM
Topical term or geographic name entry element Persuasion (Rhetoric)
650 #0 - SUBJECT ADDED ENTRY--TOPICAL TERM
Topical term or geographic name entry element College readers.
700 1# - ADDED ENTRY--PERSONAL NAME
Personal name Goshgarian, Gary.
700 1# - ADDED ENTRY--PERSONAL NAME
Personal name Krueger, Kathleen.
700 1# - ADDED ENTRY--PERSONAL NAME
Personal name Minc, Janet Barnett.
942 ## - ADDED ENTRY ELEMENTS (KOHA)
Source of classification or shelving scheme Library of Congress Classification
Koha item type Books
Edition 3rd Ed.
Suppress in OPAC No
999 ## -
-- 9548
-- 9548
Holdings
Withdrawn status Lost status Source of classification or shelving scheme Damaged status Not for loan Collection Home library Current library Shelving location Date acquired Total checkouts Full call number Barcode Date last seen Copy number Price effective from Koha item type
    Library of Congress Classification     Non-fiction Business Library (Miotso) Business Library (Miotso) General stacks 03/27/2026   PE1431 .C76 2000 BSSM00003473 04/22/2026 1 03/27/2026 Books
© 2023-2024 Copyright: Central University Libraries. All Rights Reserved | Created by: Mahone Tech Office